header

Social spending in Korea (Record no. 46418)

MARC details
000 -LEADER
fixed length control field 01249nam a2200313Ia 4500
100 1# - MAIN ENTRY--AUTHOR NAME
Personal name Elekdag, Selim.
245 10 - TITLE STATEMENT
Title Social spending in Korea
260 ## - PUBLICATION, DISTRIBUTION, ETC. (IMPRINT)
Place of publication Washington, D.C. :
Name of publisher International Monetary Fund,
Year of publication 2012.
300 ## - PHYSICAL DESCRIPTION
Number of Pages 20 p. :
Other physical details ill.
650 #0 - SUBJECT ADDED ENTRY--TOPICAL TERM
Topical Term Human services
856 40 - ELECTRONIC LOCATION AND ACCESS
Uniform Resource Identifier http://site.ebrary.com/lib/rucke/Doc?id=10635341

No items available.

© 2026 Rongo University
Contact us: librarian | system librarian | Rongo university